000 00836nam a22002177a 4500
999 _c13399
_d13399
003 AR-CdUCM
008 190415b ||||| |||| 00| 0 spa d
040 _aMUNICIPALIDAD PROVINCIAL DEL CUSCO
_cBIBLIOTECA MUNICIPAL DEL CUSCO
082 _a985.61/
_bF66
100 _aFlorian, Mario
_914609
245 _aMachu Picchu de Voces Trinfales :
_bOda Heroica a Machu Picchu /
260 _aLima :
_bTalleres Gráficos de la Cía ;
_c1961.
300 _a11 páginas ;
_c24cm
500 _aEdición especial de la gran unidad escolar "Bartolomé Herrera" en homenaje al cincuentenario del conocimiento público de Machu Picchu.
505 _aContenido: Oda
650 _aOda
_931808
650 _aLiteratura peruana
_97175
710 _aGran Unidad Escolar Bartolomé Herrera
_931809
942 _2ddc
_cLIBROS
945 _anom
_d2019-04-15